Accelerating the SME economic engine (Record no. 109079)

MARC details
000 -LEADER
fixed length control field 02179cad a22002535a 4500
001 - CONTROL NUMBER
control field L146229
008 - FIXED-LENGTH DATA ELEMENTS--GENERAL INFORMATION
fixed length control field 081217s2008 xxkad f 100 0 eng d
020 ## - INTERNATIONAL STANDARD BOOK NUMBER
International Standard Book Number 9781845325121
035 ## - SYSTEM CONTROL NUMBER
System control number (Sirsi) u146229
041 0# - LANGUAGE CODE
Language code of text/sound track or separate title eng
050 04 - LIBRARY OF CONGRESS CALL NUMBER
Classification number 692.8 $2 18
110 1# - MAIN ENTRY--CORPORATE NAME
Corporate name or jurisdiction name as entry element United Kingdom
Subordinate unit HM Treasury
245 00 - TITLE STATEMENT
Title Accelerating the SME economic engine
Remainder of title through transparent, simple and strategic procurement
Medium [electronic resource]
260 ## - PUBLICATION, DISTRIBUTION, ETC.
Place of publication, distribution, etc. London
Name of publisher, distributor, etc. HM Treasury
Date of publication, distribution, etc. 2008
505 2# - FORMATTED CONTENTS NOTE
Formatted contents note Introduction -- Transparency -- Simplicity -- Strategic procurement -- Could SME access be improved by setting a goal? -- Annex A: Definitions, scope and terms of reference -- Annex B: Analysis of progress since 2003 -- Annex C: Methodology of data collection -- Annex D: Summary of the call for evidence process -- Annex E: International comparisons -- Annex F: About the committee
520 ## - SUMMARY, ETC.
Summary, etc. Reports on the research done by an advisory committee. Shows what the Government could do to help small and medium enterprises to have better chances to access public contracts. This report has to be included in the Pre-Budget Report for 2009. Recommends an improvement in procurement. The main measures are presented here. All contracts opportunities above £20,000 from the public sector and all procurement documentation should be advertised electronically by 2010. Qualification criteria should be standardised and incorporated in the pre-qualification questionnaire. When selecting successful tenderers, consideration should be given to all their relevant experience and not their experience in the public sector only. Flexibility is required when selection is based on a particular accreditation scheme or standard. Innovation Procurement Plans should be used to verify coherence between procurement and commercial strategy and to encourage innovation. Ensure fairness of contract for sub-contractors.
521 2# - TARGET AUDIENCE NOTE
Target audience note Advanced
590 ## - LOCAL NOTE (RLIN)
Local note KA
651 #4 - SUBJECT ADDED ENTRY--GEOGRAPHIC NAME
Geographic name United Kingdom
Chronological subdivision
690 ## - LOCAL SUBJECT ADDED ENTRY--TOPICAL TERM (OCLC, RLIN)
Topical term or geographic name as entry element Procurement
9 (RLIN) 6260
700 1# - ADDED ENTRY--PERSONAL NAME
Personal name Glover, Anne
856 48 - ELECTRONIC LOCATION AND ACCESS
Uniform Resource Identifier <a href="https://www.hm-treasury.gov.uk/d/pbr08_economicengine_2390.pdf">https://www.hm-treasury.gov.uk/d/pbr08_economicengine_2390.pdf</a>
Public note View the report free of charge at www.hm-treasury.gov.uk...
942 ## - ADDED ENTRY ELEMENTS (KOHA)
Suppress in OPAC 0
Holdings
Withdrawn status Lost status Source of classification or shelving scheme Damaged status Not for loan Home library Current library Shelving location Date acquired Total Checkouts Full call number Barcode Date last seen Copy number Price effective from Koha item type
    Dewey Decimal Classification     Virtual Virtual Online 17/12/2008   ONLINE PUBLICATION 146229-2001 06/08/2019 1 06/08/2019 Book